|
|
|
|
| LEADER |
03440nam a22004453i 4500 |
| 001 |
EBC6955797 |
| 003 |
MiAaPQ |
| 005 |
20231204023223.0 |
| 006 |
m o d | |
| 007 |
cr cnu|||||||| |
| 008 |
231204s2015 xx o ||||0 ger d |
| 020 |
|
|
|a 9783839410004
|q (electronic bk.)
|
| 020 |
|
|
|z 9783837610000
|
| 035 |
|
|
|a (MiAaPQ)EBC6955797
|
| 035 |
|
|
|a (Au-PeEL)EBL6955797
|
| 035 |
|
|
|a (OCoLC)1049912346
|
| 040 |
|
|
|a MiAaPQ
|b eng
|e rda
|e pn
|c MiAaPQ
|d MiAaPQ
|
| 100 |
1 |
|
|a Altenhain, Claudio.
|
| 245 |
1 |
0 |
|a Von »Neuer Unterschicht« und Prekariat :
|b Gesellschaftliche Verhältnisse und Kategorien im Umbruch. Kritische Perspektiven auf aktuelle Debatten.
|
| 250 |
|
|
|a 1st ed.
|
| 264 |
|
1 |
|a Bielefeld :
|b transcript,
|c 2015.
|
| 264 |
|
4 |
|c {copy}2015.
|
| 300 |
|
|
|a 1 online resource (239 pages)
|
| 336 |
|
|
|a text
|b txt
|2 rdacontent
|
| 337 |
|
|
|a computer
|b c
|2 rdamedia
|
| 338 |
|
|
|a online resource
|b cr
|2 rdacarrier
|
| 490 |
1 |
|
|a Sozialtheorie
|
| 505 |
0 |
|
|a Cover Von »Neuer Unterschicht« und Prekariat -- INHALT -- Vorwort -- Einleitung: Zur Analyse und Kritik gesellschaftlicher Verhältnisse -- TEIL I: GESELLSCHAFTSMODELLE AUF DEM PRÜFSTAND: WISSENS(VER)ORDNUNGEN DES SOZIALEN -- White trash - das rassifizierte „Prekariat" im postkolonialen Deutschland -- Ist Armut ansteckend? Von der Biologisierung der neuen Unterschicht und von Angst als liberaler Regierungsform -- Die neue Unterschicht: Von der Ausbeutung zur Ausgrenzung und zurück -- Prekäres Leben, prekäre Forschungslage - Zur Notwendigkeit einer integrierenden Perspektive auf Fluchtmigration -- TEIL II: ALTERNATIVE FORSCHUNGSKONZEPTE UND KRITISCHE ANALYSEN: NEUE ASPEKTE DER THEORIEPOLITIK? -- „Weißte ja, kannste deine Perspektiven abschätzen." Eine subjektorientierte Betrachtung prekärer Arbeit -- Unlauterer Wettbewerb oder Das Elend des Vergleichens. Eine Re-Lektüre des Marsyas-Mythos im Kontext aktueller Veränderungen von Arbeitswelten -- Genealogie des Prekariats -- Ist Prekarität überall? -- TEIL III: REPRÄSENTATIONEN, INTERVENTIONEN, SOZIALE PRAXEN: RÄUME UND MÖGLICHKEITEN VON REGIERUNG UND WIDERSTAND -- VirtuosInnen der Freiheit - Zur Implosion von politischer Virtuosität und produktiver Arbeit -- Prekäre Superhelden: Zur Entwicklung politischer Handlungsmöglichkeiten in postfordistischen Verhältnissen -- „Mit 13 Mark 20 die Woche ist die Freiheit nen Dreck wert…" - Film, Theorie und Prekarisierung -- Zu dumm um sich zu wehren? Die „gemeinen Menschen", die Politik und der Widerstand -- Eine prekäre Kette, in der jede Perle ein Tag meines alltäglichen Lebens ist -- Die Autorinnen und Herausgeberinnen.
|
| 588 |
|
|
|a Description based on publisher supplied metadata and other sources.
|
| 590 |
|
|
|a Electronic reproduction. Ann Arbor, Michigan : ProQuest Ebook Central, 2023. Available via World Wide Web. Access may be limited to ProQuest Ebook Central affiliated libraries.
|
| 655 |
|
4 |
|a Electronic books.
|
| 700 |
1 |
|
|a Danilina, Anja.
|
| 700 |
1 |
|
|a Hildebrandt, Erik.
|
| 700 |
1 |
|
|a Kausch, Stefan.
|
| 700 |
1 |
|
|a Müller, Annekathrin.
|
| 700 |
1 |
|
|a Roscher, Tobias.
|
| 776 |
0 |
8 |
|i Print version:
|a Altenhain, Claudio
|t Von »Neuer Unterschicht« und Prekariat
|d Bielefeld : transcript,c2015
|z 9783837610000
|
| 797 |
2 |
|
|a ProQuest (Firm)
|
| 830 |
|
0 |
|a Sozialtheorie
|
| 856 |
4 |
0 |
|u https://ebookcentral.proquest.com/lib/matrademy/detail.action?docID=6955797
|z Click to View
|